Alle FC Bayern Spieler, die unter Thomas Tuchel spielten - Statistiken

Allgemein
  • Dieses Quiz wurde 482 mal gespielt
  • Das Durchschnittsergebnis liegt bei 24 aus 36
Antwortstatistiken
Einsätze Nationalität Spieler % Korrekt
36 Südkorea Min-jae Kim
99%
48 Kanada Alphonso Davies
98%
55 Deutschland Joshua Kimmich
98%
45 England Harry Kane
97%
33 Deutschland Manuel Neuer
97%
53 Deutschland Thomas Müller
95%
53 Deutschland Leon Goretzka
94%
37 Frankreich Kingsley Coman
93%
54 Deutschland Leroy Sané
93%
31 Deutschland Serge Gnabry
92%
42 Frankreich Dayot Upamecano
90%
43 Österreich Konrad Laimer
90%
42 Niederlande Matthijs de Ligt
90%
50 Deutschland Jamal Musiala
85%
10 Senegal Sadio Mané
84%
15 Deutschland Sven Ulreich
80%
38 Kamerun Eric-Maxim Choupo-Moting
79%
36 Marokko Noussair Mazraoui
76%
20 England Eric Dier
75%
2 Israel Daniel Peretz
72%
4 Kroatien Josip Stanisic
66%
28 Portugal Raphaël Guerreiro
64%
12 Schweiz Yann Sommer
63%
22 Deutschland Aleksandar Pavlovic
60%
6 Senegal Bouna Sarr
60%
48 Frankreich Mathys Tel
57%
12 Frankreich Benjamin Pavard
52%
10 Niederlande Ryan Gravenberch
51%
12 Portugal João Cancelo
38%
2 Frankreich Sacha Boey
35%
7 Spanien Bryan Zaragoza
29%
7 Deutschland Frans Krätzig
15%
1 Dänemark Jonathan Asp-Jensen
15%
5 Kroatien Lovro Zvonarek
14%
1 Schweden Matteo Pérez Vinlöf
7%
1 Japan Taichi Fukui
7%
Keine übereinstimmenden Quizze gefunden
Verteilung der Resultate
Anzahl Personen mit jedem Resultat
Perzentil nach korrekt beantworteten Fragen
Ihre Resultats-Entwicklung
Sie haben dieses Quiz noch nicht gespielt